header

Annual reports 101 (Record no. 115991)

MARC details
000 -LEADER
fixed length control field 02103nam a22003494a 4500
082 04 - DEWEY DECIMAL CLASSIFICATION NUMBER
Classification number 332.63/2042
100 1# - MAIN ENTRY--AUTHOR NAME
Personal name Thomsett, Michael C.
245 10 - TITLE STATEMENT
Title Annual reports 101
260 ## - PUBLICATION, DISTRIBUTION, ETC. (IMPRINT)
Place of publication New York :
Name of publisher American Management Association,
Year of publication c2007.
300 ## - PHYSICAL DESCRIPTION
Number of Pages viii, 242 p. :
Other physical details ill.
500 ## - GENERAL NOTE
General note Subtitle from cover.
505 0# - FORMATTED CONTENTS NOTE
Formatted contents note The accounting dilemma: the gap in GAAP -- The basic financial statements: what your Mama didn't tell you about the balance sheet -- Essential ratios: rolling up your numerical sleeves -- What statements do not reveal: dirty little accounting secrets -- Footnotes, part one: an overview of the real disclosures -- Footnotes, part two: red flags you can find on your own -- Structure of the annual report: a public relations document -- The auditing role: accounting culture and the audit mentality -- How the numbers are manipulated: accounting shell games -- Sources of free information: you don't need to pay for help -- Modifying your game plan: a new form of portfolio management.
650 #0 - SUBJECT ADDED ENTRY--TOPICAL TERM
Topical Term Corporation reports
856 40 - ELECTRONIC LOCATION AND ACCESS
Uniform Resource Identifier http://site.ebrary.com/lib/rucke/Doc?id=10196176

No items available.

© 2026 Rongo University
Contact us: librarian | system librarian | Rongo university